Network Security Assessment / (Record no. 13070)
[ view plain ]
| 000 -LEADER | |
|---|---|
| fixed length control field | 01321cam a22003014a 4500 |
| 001 - CONTROL NUMBER | |
| control field | 15767791 |
| 005 - DATE AND TIME OF LATEST TRANSACTION | |
| control field | 20090811090620.0 |
| 008 - FIXED-LENGTH DATA ELEMENTS--GENERAL INFORMATION | |
| fixed length control field | 090608s2008 cc a | b 001 0 eng d |
| 010 ## - LIBRARY OF CONGRESS CONTROL NUMBER | |
| LC control number | 2009419532 |
| 020 ## - INTERNATIONAL STANDARD BOOK NUMBER | |
| International Standard Book Number | 9780596510305 |
| 020 ## - INTERNATIONAL STANDARD BOOK NUMBER | |
| International Standard Book Number | 0596510306 |
| 040 ## - CATALOGING SOURCE | |
| Original cataloging agency | DLC |
| Transcribing agency | DLC |
| Modifying agency | DLC |
| 050 00 - LIBRARY OF CONGRESS CALL NUMBER | |
| Classification number | QA76.9.A25 |
| Item number | M4355 2008 |
| 082 00 - DEWEY DECIMAL CLASSIFICATION NUMBER | |
| Classification number | 005.8 |
| Edition number | 22 |
| Item number | MCN |
| 100 1# - MAIN ENTRY--PERSONAL NAME | |
| Personal name | McNab, Chris |
| Fuller form of name | (Chris R.), |
| Dates associated with a name | 1980- |
| 9 (RLIN) | 10069 |
| 245 10 - TITLE STATEMENT | |
| Title | Network Security Assessment / |
| Statement of responsibility, etc | Chris McNab |
| 250 ## - EDITION STATEMENT | |
| Edition statement | 2nd ed. |
| 260 ## - PUBLICATION, DISTRIBUTION, ETC. (IMPRINT) | |
| Place of publication, distribution, etc | Beijing ; |
| -- | Sebastopol : |
| Name of publisher, distributor, etc | O'Reilly Media, Inc., |
| Date of publication, distribution, etc | c2008. |
| 300 ## - PHYSICAL DESCRIPTION | |
| Extent | xxiv, 478 p. : |
| Other physical details | ill. ; |
| Dimensions | 26 cm. |
| 500 ## - GENERAL NOTE | |
| General note | Donated by: Al Ahram |
| 650 #0 - SUBJECT ADDED ENTRY--TOPICAL TERM | |
| Topical term or geographic name as entry element | Computers |
| General subdivision | Access control |
| -- | Evaluation. |
| 9 (RLIN) | 10070 |
| 650 #0 - SUBJECT ADDED ENTRY--TOPICAL TERM | |
| Topical term or geographic name as entry element | Computer networks |
| General subdivision | Security measures |
| -- | Evaluation. |
| 9 (RLIN) | 10071 |
| 856 42 - ELECTRONIC LOCATION AND ACCESS | |
| Materials specified | Contributor biographical information |
| Uniform Resource Identifier | <a href="http://www.loc.gov/catdir/enhancements/fy0913/2009419532-b.html">http://www.loc.gov/catdir/enhancements/fy0913/2009419532-b.html</a> |
| 856 42 - ELECTRONIC LOCATION AND ACCESS | |
| Materials specified | Publisher description |
| Uniform Resource Identifier | <a href="http://www.loc.gov/catdir/enhancements/fy0915/2009419532-d.html">http://www.loc.gov/catdir/enhancements/fy0915/2009419532-d.html</a> |
| 942 ## - ADDED ENTRY ELEMENTS (KOHA) | |
| Source of classification or shelving scheme | Dewey Decimal Classification |
| Item type | Book - Borrowing |
| Withdrawn status | Item status | Source of classification or shelving scheme | Damaged status | Not for loan | Vendor | Home library | Current library | Shelving location | Date acquired | Source of acquisition | Total Checkouts | Full call number | Barcode | Date last seen | Date last borrowed | Koha item type | Public note |
|---|---|---|---|---|---|---|---|---|---|---|---|---|---|---|---|---|---|
| Dewey Decimal Classification | Alahram | Central Library | Central Library | Lower Floor | 21/12/2009 | Donation | 1 | 005.8 MCN | 000019247 | 15/07/2025 | 27/03/2017 | Book - Borrowing | Donation |